Les entraîneurs actuels des pays ayant participé à la Coupe du Monde - Statistiques

Statistiques générales
  • Ce quiz a été pris 11 fois
  • Le résultat moyen est 5 sur 77
Statistiques - réponses
Pays Sélectionneur Nationalité % Correct
France Didier Deschamps Français
91%
Portugal Roberto Martínez Espagnol
45%
Maroc Walid Regragui Marocain
45%
Allemagne Julian Nagelsmann Allemand
36%
Algérie Vladimir Petković Suisse
36%
Argentine Lionel Scaloni Argentin
27%
Espagne Luis de la Fuente Espagnol
27%
Uruguay Marcelo Bielsa Argentin
27%
Côte d'Ivoire Emerse Faé Ivoirien
18%
USA Mauricio Pochettino Argentin
18%
Pays-Bas Ronald Koeman Néerlandais
18%
Nigeria Acácio Santos Portugais
9%
Afrique du Sud Hugo Broos Belge
9%
Suisse Murat Yakın Suisse
9%
Emirats-Arabes-Unis Paulo Bento Portugais
9%
Arabie Saoudite Roberto Mancini Italien
9%
Qatar Tintín Márquez Espagnol
9%
Turquie Vincenzo Montella Italien
9%
Croatie Zlatko Dalić Croate
9%
Islande Åge Hareide Norvégien
0%
Sénégal Aliou Cissé Sénégalais
0%
Iran Amir Ghalenoei Iranien
0%
Chine Branko Ivanković Croate
0%
Costa-Rica Claudio Vivas Argentin
0%
Pays de Galles Craig Bellamy Gallois
0%
Togo Daré Nibombé Togolais
0%
Nouvelle-Zélande Darren Bazeley Anglais
0%
Salvador David Dóniga Espagnol
0%
Trinité-et-Tobago Derek King Trinidadien
0%
Belgique Dominico Tedesco Allemand
0%
Brésil Dorival Júnior Brésilien
0%
Serbie Dragan Stojković Serbe
0%
Tunisie Faouzi Benzarti Tunisien
0%
Slovaquie Francesco Calzona Italien
0%
Australie Graham Arnold Australien
0%
Paraguay Gustavo Alfaro Argentin
0%
Japon Hajime Moriyasu Japonais
0%
Irlande Heimir Hallgrimsson Islandais
0%
Égypte Hossam Hassan Égyptien
0%
Bulgarie Ilian Iliev Bulgare
0%
République Tchèque Ivan Hašek Tchèque
0%
Mexique Javier Aguirre Mexicain
0%
Canada Jesse Marsch Américain
0%
Irak Jesús Casas Espagnol
0%
Suède Jon Dahl Tomasson Danois
0%
Pérou Jorge Fossati Uruguayen
0%
Koweït Juan Antonio Pizzi Espagnol
0%
Angleterre Lee Carsley Irlandais
0%
Italie Luciano Spalletti Italien
0%
Hongrie Marco Rossi Italien
0%
Slovénie Matjaž Kek Slovène
0%
Irlande du Nord Michael O'Neill Nord Irlandais
0%
Pologne Michał Probierz Polonais
0%
Roumanie Mircea Lucescu Roumain
0%
Danemark Morten Wieghorst Danois
0%
Corée du Sud Myung-Bo Hong Sud Coréen
0%
Colombie Néstor Lorenzo Argentin
0%
Bolivie Óscar Villegas Bolivien
0%
Ghana Otto Addo Ghanéen
0%
Angola Pedro Soares Gonçalves Portugais
0%
Autriche Ralf Rangnick Allemand
0%
Israël Ran Ben Shimon Israélien
0%
Honduras Reinaldo Rueda Colombien
0%
Chili Ricardo Gareca Argentin
0%
Cameroun Rigobert Song Camerounais
0%
Équateur Sebastián Becaccece Argentin
0%
RDC Sébastien Desabre Français
0%
Haïti Sébastien Migné Français
0%
Bosnie-Herzégovine Sergej Barbarez Bosnien
0%
Ukraine Serhiy Rebrov Ukrainien
0%
Norvège Ståle Solbakken Norvégien
0%
Écosse Steve Clarke Écossais
0%
Jamaïque Steve McClaren Anglais
0%
Panama Thomas Christiansen Espagnol
0%
Russie Valeriy Karpin Russe
0%
Corée du Nord Yong-Nam Sin Nord Coréen
0%
Cuba Yunielys Castillo Cubain
0%
Aucun quiz correspondant
Distribution des résultats
% des personnes avec chaque résultat
Percentile par nombre de réponses
Votre historique - résultats
Vous n’avez pas pris ce quiz